| 000 | 00992nam a2200217 a 4500 | ||
|---|---|---|---|
| 008 | 180914s2015 ||||||||||||||||| || u | ||
| 020 | _a9781848290815 | ||
| 050 | _aPN 146 Fra | ||
| 100 | _aFraser, SG | ||
| 245 | 1 | 0 |
_aHow to get your paper published. (2nd edition) _cBy S.G. Fraser |
| 250 | _a2nd edition | ||
| 260 |
_aKent _bAnshan Ltd _c2015 |
||
| 300 | _aix, 91 pages | ||
| 350 | _a19.99 | ||
| 650 | _aAUTHORS AND PUBLISHERS | ||
| 650 | _aAUTHORSHIP--MARKETING | ||
| 650 | _aAUTHORSHIP | ||
| 995 |
_aMAIN LIBRARY OPEN ACCESS _e749308 _FCBU-MAIN LIBRARY (Kitwe) _I19.99 _jPN 146 Fra _M3 _UAVAILABLE _WJun 7, 2019 _y749308 _ZMain Library Open Access Collection |
||
| 995 |
_aMAIN LIBRARY OPEN ACCESS _e748646 _FCBU-MAIN LIBRARY (Kitwe) _I19.99 _jPN 146 Fra _M1 _UAVAILABLE _WOct 22, 2018 _y748646 _ZMain Library Open Access Collection |
||
| 995 |
_aANNEX COLLECTION (Main Library) _e748647 _FCBU-MAIN LIBRARY (Kitwe) _I19.99 _jPN 146 Fra _M2 _UAVAILABLE _WOct 22, 2018 _y748647 _ZAnnex Low-Usage Collection |
||
| 999 |
_c76371 _d76371 |
||